Statistics for Fun College Team Names Quiz

Click here to take the quiz!

General Stats

  • This quiz has been taken 6,385 times
  • The average score is 16 of 22

Answer Stats

SchoolTeam Name% Correct
AlabamaCrimson Tide
92%
OklahomaSooners
91%
NebraskaCornhuskers
91%
PurdueBoilermakers
88%
SyracuseOrange
88%
IndianaHoosiers
87%
South CarolinaGamecocks
86%
MarylandTerrapins
83%
IllinoisFighting Illini
81%
Texas ChristianHorned Frogs
79%
MinnesotaGolden Gophers
78%
Virginia TechHokies
77%
Wake ForestDemon Deacons
76%
GeorgetownHoyas
73%
VanderbiltCommodores
69%
San Diego StateAztecs
64%
AkronZips
63%
MarshallThundering Herd
63%
DelawareFightin' Blue Hens
51%
PennQuakers
44%
North TexasMean Green
43%
UC Santa CruzBanana Slugs
38%

Score Distribution

Percentile by Number Answered

Percent of People with Each Score

Your Score History

You have not taken this quiz